| 000 | 00475cam a2200157u 4500 | ||
|---|---|---|---|
| 082 |
_a621.3 _bMAR _cL-9, P-1 |
||
| 100 | 1 |
_aMarchant, Edgar Walford, _941253 |
|
| 245 | 0 | 3 | _aAn introduction to electrical engineering, |
| 250 | _a2nd ed. | ||
| 260 |
_aLondon, _bMethuen & co., ltd. _c[1939] |
||
| 300 |
_axii p., 1 l., _b297, [1] p. diagrs. _c23 cm. |
||
| 526 |
_a0 _b0 _c0 _d621_300000000000000_MAR |
||
| 650 | 0 | _aElectrical engineering. | |
| 650 | 0 |
_aMCE _9379 |
|
| 942 |
_2ddc _cBK |
||
| 999 |
_c545417 _d545417 |
||